000 01078nam a22003137a 4500
001 7253
003 FISKH
005 20250704112129.0
008 250704b cb ||||| |||| 00| 0 eng d
020 _a9780064441032
040 _aFISKH
_beng
_cFISKH
_dFISKH
050 _aPZ7.S4 T
082 _a 398.2
100 _aSchwartz, Alvin
_d(1927–1992)
245 _aThere is a Carrot in my ear and other Noodle tales /
_cRetold by Alvin Schwartz ; Pictures by Karen Ann Weinhaus
250 _aThis edition first published in 1982
260 _aNew York :
_bHarperTrophy,
_c1982
300 _a64 pages :
_bcolor illustrations ;
_c23 cm
490 _aPres grade
_vLevel 1
505 _aG
520 _aA collection of six stories about a family of silly people, based on noodle folklore from America, Europe, and Asia Minor
521 8 _a380
_bLexile
521 8 _aG
_bRaz-Plus
650 _2Humorous stories
_aBeginning reader
650 _2 Alvin Schwartz
_aFunny stories
700 _aWeinhaus, Ann Karen
_dillustrator
942 _2ddc
_cBK
_n0
999 _c7253
_d7253